00506 2200205 4500001002100000008004100021035002000062245006000082100002500142250000600167260003200173300001200205084001400217082000800231650001300239990001200252990001200264990001200276990001200288INLIS000000000000721 ind  a0010-0424000697 aHaving Fun With Open Office WritercRahmat Tsani Hakimi aTsani Hakimi, Rahmat a1 aYogyakarta :bSkriptac2011 a101 hlm a600 RAH h a600 aNonfiksi a0721964 a0721965 a0721966 a0721967